Las termitas invasoras / (Registro nro. 12395)
[ vista simple ]
| 000 -LIDER | |
|---|---|
| fixed length control field | 00754nam a22002417a 4500 |
| 003 - IDENTIFICACDOR DE NÚMERO DE CONTROL | |
| control field | DO-SdBNP |
| 005 - DATE AND TIME OF LATEST TRANSACTION | |
| control field | 20230824112151.0 |
| 008 - ELEMENTOS DE LONGITUD FIJA | |
| fixed length control field | 161213b 2011 ag 0| 0 spa d |
| 020 ## - ISBN | |
| International Standard Book Number | 9789870409748 |
| 040 ## - FUENTE DE CATALOGACIÓN | |
| Agencia que crea de manera original el registro | BPMSU |
| Idioma de catalogación | spa |
| Agencia que realiza la transcripción | BPMSU |
| 082 ## - NÚMERO DE CLASIFICACIÓN DECIMAL DE DEWEY | |
| Classification number | A863.5 |
| Item number | P678t 2011 |
| Edition number | 22 |
| 100 1# - ASIENTO PRINCIPAL -- NOMBRE PERSONAL | |
| Nombre personal | Pisos, Cecilia |
| Fechas asociadas con el nombre | 1965- |
| 245 14 - MENCIÓN DE TITULO | |
| Título | Las termitas invasoras / |
| Mención de responsabilidad | Cecilia Pisos ; ilustraciones Sandra Lavandeira |
| 260 ## - PUBLICACIÓN, DISTRIBUCIÓN, ETC. (PIE DE IMPRENTA) | |
| Lugar de publicación, distribución, etc | Buenos Aires, Argentina : |
| Nombre del editor, distribuidor, etc. | Aguilar, |
| Fecha de publicación, distribución, etc | 2011 |
| 300 ## - DESCRIPCIÓN FÍSICA | |
| Extensión | 234 p. : |
| Otros detalles físicos | il., ; |
| Dimensiones | 20 cm. |
| 490 0# - MENCIÓN DE SERIES | |
| Mención de serie | Alfaguara juvenil |
| 590 ## - NOTA LOCAL | |
| Enlace | Inventariado, 2023/VM |
| 650 #4 - ENCABEZAMIENTO DE MATERIA--TEMÁTICO | |
| Término temático o nombre geográfico como elemento de entrada | Novela juvenil argentina |
| 650 #4 - ENCABEZAMIENTO DE MATERIA--TEMÁTICO | |
| Término temático o nombre geográfico como elemento de entrada | Literatura juvenil argentina |
| 700 1# - ASIENTO SECUNDARIO -- NOMBRE PERSONAL | |
| Nombre personal | Lavandeira, Sandra, |
| Mención de responsabilidad | il. |
| 910 ## - VALIDACIÓN | |
| Validación | VMateo V. Control de calidad. BPMSU |
| 942 ## - ADDED ENTRY ELEMENTS (KOHA) | |
| Source of classification or shelving scheme | Dewey Decimal Classification |
| Koha item type | Libros |
| Withdrawn status | Lost status | Source of classification or shelving scheme | Damaged status | Not for loan | Collection code | Home library | Current library | Date acquired | Source of acquisition | Total Checkouts | Full call number | Barcode | Date last seen | Copy number | Price effective from | Koha item type |
|---|---|---|---|---|---|---|---|---|---|---|---|---|---|---|---|---|
| Dewey Decimal Classification | Colección Juvenil General | Biblioteca Pública Metropolitana Salomé Ureña | Biblioteca Pública Metropolitana Salomé Ureña | 12/13/2016 | ALFAGUARA | BPMSU CGJ A863.5 P678t 2011 | BPMSU16120272 | 12/13/2016 | e.2 | 12/13/2016 | Libros | |||||
| Dewey Decimal Classification | Colección Juvenil General | Biblioteca Pública Metropolitana Salomé Ureña | Biblioteca Pública Metropolitana Salomé Ureña | 12/13/2016 | ALFAGUARA | BPMSU CGJ A863.5 P678t 2011 | BPMSU16120273 | 12/13/2016 | 12/13/2016 | Libros | ||||||
| Dewey Decimal Classification | Colección Juvenil General | Biblioteca Pública Metropolitana Salomé Ureña | Biblioteca Pública Metropolitana Salomé Ureña | 12/13/2016 | ALFAGUARA | BPMSU CGJ A863.5 P678t 2011 | BPMSU16120274 | 12/13/2016 | e.3 | 12/13/2016 | Libros |